[Event "Moscow op-A 17th"]
[Site "Moscow"]
[Date "2021.02.28"]
[Round "9"]
[White "Dudarev, Vladislav"]
[Black "Zhukov, Anton"]
[Result "0-1"]
[WhiteElo "2031"]
[BlackElo "2237"]
[PlyCount "68"]
[EventDate "2021.02.20"]
[EventType "swiss"]
[EventRounds "9"]
[EventCountry "RUS"]
[SourceTitle "EXT 2022"]
[Source "ChessBase"]
[SourceDate "2021.10.06"]
[SourceVersion "1"]
[SourceVersionDate "2021.10.06"]
[SourceQuality "1"]

1. c4 Nf6 2. Nc3 g6 3. e4 d6 4. d4 Bg7 5. Be2 0-0 6. Bg5 Na6 7. Qd2 c6 8. f4 Nc7 9. d5 cxd5 10. cxd5 b5 11. a3 a5 12. Bxf6 exf6 13. f5 gxf5 14. exf5 Bxf5 15. Qf4 Bg6 16. h4 b4 17. Nd1 h5 18. g4 Re8 19. Nf2 Nxd5 20. Qf3 Ne3 21. gxh5 Bh7 22. h6 Bxh6 23. Ng4 Nxg4 24. Qxg4+ Kh8 25. Kf1 Re4 26. Qh5 Qf8 27. Nf3 Rae8 28. Re1 f5 29. Ng5 Rf4+ 30. Kg2 Bg6 31. Qf3 Rxf3 32. Bxf3 Kg7 33. Bc6 Rxe1 34. Rxe1 Bxg5 0-1

[Event "Moscow op-A 17th"]
[Site "Moscow"]
[Date "2021.02.22"]
[Round "3"]
[White "Dudarev, Vladislav"]
[Black "Basiev, Georgiy"]
[Result "1-0"]
[WhiteElo "2031"]
[BlackElo "1448"]
[PlyCount "79"]
[EventDate "2021.02.20"]
[EventType "swiss"]
[EventRounds "9"]
[EventCountry "RUS"]
[SourceTitle "CBM 200 Extra"]
[Source "ChessBase"]
[SourceDate "2021.03.31"]
[SourceVersion "1"]
[SourceVersionDate "2021.03.31"]
[SourceQuality "1"]

1. c4 Nf6 2. Nc3 g6 3. e4 d6 4. d4 Bg7 5. Be2 0-0 6. Bg5 e5 7. dxe5 dxe5 8. Qxd8 Rxd8 9. Nd5 Nbd7 10. Rd1 Rf8 11. Nxc7 Rb8 12. f3 h6 13. Be3 b6 14. Nh3 g5 15. Nf2 Bb7 16. g4 Kh7 17. h4 Kg6 18. Nd5 Bxd5 19. exd5 e4 20. Nxe4 Nxe4 21. Bd3 Rfe8 22. Bxe4+ f5 23. Bxf5+ Kf6 24. Kf2 Ne5 25. hxg5+ hxg5 26. Bd4 Kf7 27. Rh7 Kf8 28. Rxg7 Kxg7 29. Re1 Kf6 30. Be6 Kg6 31. Bxe5 Ra8 32. Rh1 Rad8 33. Bf5+ Kf7 34. Rh7+ Kg8 35. Rg7+ Kf8 36. Be6 a6 37. Rf7+ Kg8 38. Rd7+ Rxe6 39. Rxd8+ Kf7 40. dxe6+ 1-0

[Event "Moscow op-A 17th"]
[Site "Moscow"]
[Date "2021.02.20"]
[Round "1"]
[White "Dudarev, Vladislav"]
[Black "Fedosov, Alexander"]
[Result "1-0"]
[WhiteElo "2031"]
[BlackElo "1369"]
[PlyCount "65"]
[EventDate "2021.02.20"]
[EventType "swiss"]
[EventRounds "9"]
[EventCountry "RUS"]
[SourceTitle "CBM 200 Extra"]
[Source "ChessBase"]
[SourceDate "2021.03.31"]
[SourceVersion "1"]
[SourceVersionDate "2021.03.31"]
[SourceQuality "1"]

1. d4 Nf6 2. c4 g6 3. Nc3 d5 4. cxd5 Nxd5 5. Bd2 Bg7 6. e4 Nxc3 7. Bxc3 0-0 8. Bc4 c5 9. d5 Bxc3+ 10. bxc3 Qa5 11. Qd2 b5 12. Bb3 c4 13. Bc2 Na6 14. a3 e6 15. d6 Bb7 16. Ne2 Rfd8 17. f4 Nc5 18. Qd4 Qb6 19. Rd1 Nd7 20. Qd2 Nf6 21. e5 Ne4 22. Bxe4 Bxe4 23. Nd4 a5 24. 0-0 b4 25. Rfe1 Bd3 26. a4 b3 27. Qb2 Rab8 28. Kh1 h5 29. Re3 Qb7 30. Rde1 Qd5 31. Nb5 Kg7 32. Qf2 Rd7 33. Qb2 1-0

[Event "Khanty-Mansiysk Governor Cup 16th"]
[Site "Khanty-Mansiysk"]
[Date "2020.12.04"]
[Round "5"]
[White "Ramazanov, Robert"]
[Black "Dudarev, Vladislav"]
[Result "0-1"]
[WhiteElo "1259"]
[BlackElo "2042"]
[PlyCount "43"]
[EventDate "2020.11.30"]
[EventType "swiss"]
[EventRounds "9"]
[EventCountry "RUS"]
[SourceTitle "CBM 199 Extra"]
[Source "ChessBase"]
[SourceDate "2021.01.31"]
[SourceVersion "1"]
[SourceVersionDate "2021.01.31"]
[SourceQuality "1"]

1. e4 c5 2. Nf3 g6 3. d4 cxd4 4. Qxd4 Nf6 5. h3 Nc6 6. Qe3 Bg7 7. Be2 d5 8. exd5 Nxd5 9. Qd2 0-0 10. a3 e5 11. c4 Nc7 12. Nc3 Qe7 13. 0-0 e4 14. Ne1 Nd4 15. Qd1 Rd8 16. Bd2 b6 17. a4 a5 18. Ra3 Bf8 19. Nb5 Ncxb5 20. cxb5 Qe6 21. Ra1 Nb3 22. Ra3 0-1

[Event "Khanty-Mansiysk Governor Cup 16th"]
[Site "Khanty-Mansiysk"]
[Date "2020.11.30"]
[Round "1"]
[White "Voloshenyuk, Gleb"]
[Black "Dudarev, Vladislav"]
[Result "0-1"]
[WhiteElo "1232"]
[BlackElo "2042"]
[PlyCount "62"]
[EventDate "2020.11.30"]
[EventType "swiss"]
[EventRounds "9"]
[EventCountry "RUS"]
[SourceTitle "CBM 199 Extra"]
[Source "ChessBase"]
[SourceDate "2021.01.31"]
[SourceVersion "1"]
[SourceVersionDate "2021.01.31"]
[SourceQuality "1"]

1. e4 c5 2. Nc3 g6 3. d3 Bg7 4. g3 Nc6 5. Bg2 e6 6. Be3 Nd4 7. Nf3 Ne7 8. 0-0 0-0 9. Bxd4 cxd4 10. Ne2 Qb6 11. Rb1 d5 12. exd5 Nxd5 13. Nd2 Rd8 14. Nc4 Qc7 15. Re1 b5 16. Nd2 Bb7 17. a3 Rac8 18. Rc1 Qb6 19. Bxd5 Rxd5 20. Nf4 Rdc5 21. Ng2 Qc6 22. f3 Rxc2 23. Nb3 Rxc1 24. Qxc1 Qxf3 25. Qd2 Bh6 26. Nxd4 Bxd2 27. Nxf3 Bxf3 28. Re5 Bd5 29. Ne3 f6 30. Nxd5 Rc1+ 31. Kf2 fxe5 0-1

[Event "Cheliabinsk Panchenko Memorial op-A"]
[Site "Cheliabinsk"]
[Date "2020.09.13"]
[Round "7"]
[White "Dudarev, Vladislav"]
[Black "Pingin, Artem"]
[Result "0-1"]
[WhiteElo "1991"]
[BlackElo "2219"]
[PlyCount "54"]
[EventDate "2020.09.07"]
[EventType "swiss"]
[EventRounds "9"]
[EventCountry "RUS"]
[SourceTitle "CBM 198 Extra"]
[Source "ChessBase"]
[SourceDate "2020.11.30"]
[SourceVersion "1"]
[SourceVersionDate "2020.11.30"]
[SourceQuality "1"]

1. c4 e5 2. Nc3 Nf6 3. g3 c6 4. Nf3 e4 5. Nd4 Qb6 6. Nc2 d5 7. cxd5 cxd5 8. d3 Bc5 9. d4 Be7 10. Bg2 h6 11. 0-0 0-0 12. f3 exf3 13. exf3 Nc6 14. Na4 Qa5 15. b3 Bf5 16. Ne3 Bh7 17. a3 b5 18. Bd2 Qd8 19. Nc3 Nxd4 20. Be1 Bc5 21. Bf2 Re8 22. b4 Bb6 23. a4 a5 24. axb5 Rxe3 25. Bxe3 Nxb5 26. Nxd5 Nxd5 27. Bc5 Nbc3 0-1

[Event "Chigorin Memorial 27th"]
[Site "St Petersburg"]
[Date "2019.10.11"]
[Round "7"]
[White "Dudarev, Vladislav"]
[Black "Shevtsova, Stefania"]
[Result "1-0"]
[WhiteElo "2034"]
[BlackElo "1715"]
[PlyCount "43"]
[EventDate "2019.10.05"]
[EventType "swiss"]
[EventRounds "9"]
[EventCountry "RUS"]
[SourceTitle "EXT 2021"]
[Source "ChessBase"]
[SourceDate "2020.10.23"]
[SourceVersion "1"]
[SourceVersionDate "2020.10.23"]
[SourceQuality "1"]

1. c4 c6 2. e4 d5 3. exd5 cxd5 4. cxd5 Qxd5 5. Nc3 Qa5 6. Nf3 Nc6 7. Bb5 Bg4 8. h3 Bh5 9. 0-0 Nf6 10. d4 a6 11. Bxc6+ bxc6 12. Qd3 e6 13. Ne5 Qc7 14. Qc4 Bd6 15. Qxc6+ Qxc6 16. Nxc6 0-0 17. Bg5 Rac8 18. Ne5 h6 19. Bxf6 gxf6 20. Nd7 Kg7 21. Nxf8 Rxf8 22. d5 1-0

[Event "Chigorin Memorial 27th"]
[Site "St Petersburg"]
[Date "2019.10.09"]
[Round "5"]
[White "Dudarev, Vladislav"]
[Black "Gagonin, Aleksandr"]
[Result "1-0"]
[WhiteElo "2034"]
[BlackElo "1306"]
[PlyCount "56"]
[EventDate "2019.10.05"]
[EventType "swiss"]
[EventRounds "9"]
[EventCountry "RUS"]
[SourceTitle "EXT 2020"]
[Source "ChessBase"]
[SourceDate "2019.10.17"]
[SourceVersion "1"]
[SourceVersionDate "2019.10.17"]
[SourceQuality "1"]

1. Nf3 Nf6 2. c4 e6 3. Nc3 b6 4. e4 Bb7 5. e5 Ne4 6. Nxe4 Bxe4 7. Be2 d6 8. exd6 Bxd6 9. d4 0-0 10. 0-0 c5 11. Bd3 Bxd3 12. Qxd3 h6 13. d5 exd5 14. cxd5 Nd7 15. Bd2 Nf6 16. Rad1 Qc7 17. Bc3 Ng4 18. g3 f5 19. h3 c4 20. Qc2 Ne5 21. Bxe5 Bxe5 22. Nxe5 Qxe5 23. Qxc4 Rac8 24. Qb3 f4 25. d6+ Kh8 26. Rfe1 Qc5 27. g4 Rcd8 28. d7 h5 1-0

[Event "Chigorin Memorial 27th"]
[Site "St Petersburg"]
[Date "2019.10.07"]
[Round "3"]
[White "Vershinin, Igor"]
[Black "Dudarev, Vladislav"]
[Result "1-0"]
[WhiteElo "1610"]
[BlackElo "2034"]
[PlyCount "65"]
[EventDate "2019.10.05"]
[EventType "swiss"]
[EventRounds "9"]
[EventCountry "RUS"]
[SourceTitle "EXT 2020"]
[Source "ChessBase"]
[SourceDate "2019.10.17"]
[SourceVersion "1"]
[SourceVersionDate "2019.10.17"]
[SourceQuality "1"]

1. e4 c5 2. Nf3 d6 3. d4 cxd4 4. Nxd4 Nf6 5. Nc3 g6 6. Be3 Bg7 7. f3 0-0 8. Qd2 Nc6 9. 0-0-0 d5 10. Kb1 Nxd4 11. e5 Nd7 12. Bxd4 Nxe5 13. Qe1 Qd6 14. f4 Ng4 15. Bxg7 Kxg7 16. Nxd5 Be6 17. h3 Bxd5 18. hxg4 Qe6 19. Qc3+ f6 20. f5 Qg8 21. fxg6 hxg6 22. Qe3 Rad8 23. b3 Be6 24. Re1 Bxg4 25. Qh6+ Kf7 26. Qh7+ Qxh7 27. Rxh7+ Kg8 28. Rexe7 Rd1+ 29. Kb2 Rc8 30. Bc4+ Rxc4 31. bxc4 Bc8 32. Reg7+ Kf8 33. Rxg6 1-0

[Event "Chigorin Memorial 27th"]
[Site "St Petersburg"]
[Date "2019.10.06"]
[Round "2"]
[White "Dudarev, Vladislav"]
[Black "Tsoi, Matvey"]
[Result "0-1"]
[WhiteElo "2034"]
[BlackElo "1774"]
[PlyCount "96"]
[EventDate "2019.10.05"]
[EventType "swiss"]
[EventRounds "9"]
[EventCountry "RUS"]
[SourceTitle "EXT 2020"]
[Source "ChessBase"]
[SourceDate "2019.10.17"]
[SourceVersion "1"]
[SourceVersionDate "2019.10.17"]
[SourceQuality "1"]

1. c4 e5 2. Nc3 Bb4 3. g3 Bxc3 4. dxc3 d6 5. Bg2 f5 6. Nf3 Nf6 7. 0-0 0-0 8. Bg5 Qe8 9. c5 e4 10. Ne1 Qh5 11. Qd2 Nc6 12. cxd6 cxd6 13. f3 d5 14. g4 Qf7 15. Bxf6 gxf6 16. c4 dxc4 17. gxf5 Bxf5 18. fxe4 Bg6 19. Nf3 Rad8 20. Qf4 Nd4 21. Nxd4 Rxd4 22. Qe3 Rfd8 23. e5 f5 24. e6 Qe7 25. Qe5 R4d6 26. Bxb7 Rxe6 27. Bd5 Qc5+ 28. e3 Qxd5 29. Qxd5 Rxd5 30. Rac1 Re4 31. Rf4 Rxf4 32. exf4 Rd4 33. Kg2 Rxf4 34. Rd1 Re4 35. Rd8+ Re8 36. Rd2 Kf7 37. Kf2 Kf6 38. Rd6+ Re6 39. Rd4 Rb6 40. Rd2 f4 41. Kf3 Ke5 42. Re2+ Kf5 43. Rc2 Bh5+ 44. Kf2 f3 45. Kf1 Bf7 46. Rd2 Ke4 47. Rd7 Bd5 48. b3 c3 0-1

[Event "EU-ch U12"]
[Site "Bratislava"]
[Date "2019.08.10"]
[Round "9"]
[White "Dudarev, Vladislav"]
[Black "Aleksanyan, Davit"]
[Result "1-0"]
[WhiteElo "2136"]
[BlackElo "1797"]
[PlyCount "71"]
[EventDate "2019.08.02"]
[EventType "swiss"]
[EventRounds "9"]
[EventCountry "SVK"]
[SourceTitle "EXT 2020"]
[Source "ChessBase"]
[SourceDate "2019.10.17"]
[SourceVersion "1"]
[SourceVersionDate "2019.10.17"]
[SourceQuality "1"]

1. c4 c5 2. Nf3 Nf6 3. d4 cxd4 4. Nxd4 b6 5. f3 Bb7 6. e4 d6 7. Nc3 e6 8. Be2 Be7 9. Be3 0-0 10. 0-0 a6 11. Qd2 Nbd7 12. Rfc1 Rc8 13. Rab1 Qc7 14. b4 Qb8 15. Rc2 Bd8 16. Kh1 Ne5 17. Na4 Nxe4 18. fxe4 Bxe4 19. Rbc1 Bxc2 20. Rxc2 Bf6 21. Nf3 Rc6 22. Nxe5 dxe5 23. c5 Rd8 24. Qe1 b5 25. Bf3 Rc7 26. Nb6 Be7 27. Bf2 f6 28. Qe2 Kf7 29. a3 g6 30. c6 a5 31. bxa5 Bxa3 32. Qxb5 e4 33. Be2 Rd5 34. Nxd5 Qxb5 35. Bxb5 exd5 36. Bb6 1-0

[Event "EU-ch U12"]
[Site "Bratislava"]
[Date "2019.08.03"]
[Round "2"]
[White "Dudarev, Vladislav"]
[Black "Koska, Jiri"]
[Result "1-0"]
[WhiteElo "2136"]
[BlackElo "1587"]
[PlyCount "53"]
[EventDate "2019.08.02"]
[EventType "swiss"]
[EventRounds "9"]
[EventCountry "SVK"]
[SourceTitle "EXT 2020"]
[Source "ChessBase"]
[SourceDate "2019.10.17"]
[SourceVersion "1"]
[SourceVersionDate "2019.10.17"]
[SourceQuality "1"]

1. d4 d5 2. c4 e6 3. Nc3 Nf6 4. Nf3 Bd6 5. Bg5 Nbd7 6. cxd5 exd5 7. Nxd5 h6 8. Bxf6 Nxf6 9. Nc3 0-0 10. e3 Bb4 11. a3 Ba5 12. b4 Bb6 13. Bc4 Bg4 14. 0-0 Re8 15. Qb3 Qe7 16. Ne5 Bh5 17. Ra2 c6 18. h3 Bc7 19. f4 Rf8 20. g4 Bxe5 21. fxe5 Nxg4 22. hxg4 Bxg4 23. Rf4 Qh4 24. Ne4 h5 25. Qb1 b5 26. Rh2 Qe7 27. Nf6+ 1-0

[Event "EU-ch U10 26th"]
[Site "Prague"]
[Date "2016.08.22"]
[Round "5"]
[White "Dudarev, Vladislav"]
[Black "Pidluznij, Gleb"]
[Result "0-1"]
[WhiteElo "1821"]
[BlackElo "1617"]
[PlyCount "118"]
[EventDate "2016.08.18"]
[EventType "swiss"]
[EventRounds "9"]
[EventCountry "CZE"]
[SourceTitle "CBM 174 Extra"]
[Source "ChessBase"]
[SourceDate "2016.10.10"]
[SourceVersion "1"]
[SourceVersionDate "2016.10.10"]
[SourceQuality "1"]

1. Nf3 d5 2. c4 dxc4 3. e3 e6 4. Bxc4 a6 5. 0-0 Nf6 6. Nc3 Be7 7. d4 b5 8. Bd3 Bb7 9. Bd2 0-0 10. Rc1 c5 11. Ne2 c4 12. Bb1 Nbd7 13. Nf4 Bd6 14. Ne2 Ne4 15. Nc3 Ndf6 16. Nxe4 Nxe4 17. Qc2 f5 18. Rcd1 Bd5 19. Ne1 Qc7 20. h3 g5 21. Qc1 Bh2+ 22. Kh1 Bg3 23. Bxe4 fxe4 24. Nc2 Bxf2 25. Bb4 Rf7 26. Qd2 Qg3 27. Qe2 a5 28. Bc5 Qh4 29. Rd2 Bg3 30. Rxf7 Kxf7 31. Rd1 Kg6 32. Qf1 g4 33. Rd2 c3 34. bxc3 Bc4 35. Qd1 gxh3 36. Kg1 Bf2+ 37. Rxf2 h2+ 38. Kh1 Qxf2 39. Qg4+ Kf6 40. Kxh2 Qf5 41. Qh4+ Kg6 42. g4 Qg5 43. Qg3 h5 44. gxh5+ Kxh5 45. Na3 Bd3 46. Qh3+ Qh4 47. Be7 Qxh3+ 48. Kxh3 Rg8 49. Kh2 Bf1 50. Kh1 Rg3 51. Nc2 Bd3 52. Bd6 Rf3 53. Na3 Rxe3 54. Kg2 Re2+ 55. Kg3 Kg5 56. Be7+ Kf5 57. c4 bxc4 58. Nb5 Rxa2 59. Nd6+ Kg6 0-1